Statistics for Countries Closest to Romania by first two letters

Click here to take the quiz!

General Stats

  • This quiz has been taken 144 times
  • The average score is 16 of 20

Answer Stats

kmcountry% Correct
0Bulgaria
94%
0Moldova
94%
221Montenegro
94%
0Hungary
91%
0Serbia
91%
0Ukraine
91%
235Greece
85%
68Slovakia
85%
284Slovenia
85%
220Russia
82%
266Albania
78%
201Turkey
76%
107Croatia
74%
322Czechia
73%
365Belarus
71%
101Poland
71%
129Bosnia and
Herzegovina
69%
156Kosovo
69%
170North Macedonia
67%
304Austria
65%

Score Distribution

Percentile by Number Answered

Percent of People with Each Score

Your Score History

You have not taken this quiz